ACC Logos - Statistics

General Stats
  • This quiz has been taken 335 times
  • The average score is 13 of 15
Answer Stats
Picture Answer % Correct
Clemson Tigers
99%
Miami Hurricanes
99%
North Carolina Tarheels
99%
Notre Dame Fighing Irish
99%
Duke Blue Devils
96%
Syracuse Orange
95%
Pittsburgh Panthers
94%
Georgia Tech Yellow Jackets
92%
Virginia Cavaliers
92%
Virginia Tech Hokies
92%
Wake Forest Demon Deacons
87%
North Carolina State Wolfpack
86%
Florida State Seminoles
81%
Louisville Cardinals
70%
Boston College Eagles
47%
No matching quizzes found
Score Distribution
Percent of People with Each Score
Percentile by Number Answered
Your Score History
You have not taken this quiz